000 00624nam a22001937a 4500
005 20250612113052.0
010 _aENG-145296
020 _a9788170743439
_c1395.00
035 _aEN-128828
037 _bDBAD
082 _a954.43
_21
100 _aDas, Suranjan
_981916
245 _aEurope and the Hughli:
_bThe European Settlements on the West Bank of the River/
_cSuranjan Das [and] Basudeb Chattopadhyay
250 _a1
260 _aKolkata
_bK P Bagchi & Company
_c2014
270 _a286, B.B. Gangului Street
_bKolkata
_e700012
300 _a77p.
_c22cm(hb)
942 _2ddc
_cEN
_h954.43
_mDAS
_e1
999 _c211746
_d211746